Temple Dogs (Record no. 350791)
[ view plain ]
| 000 -LEADER | |
|---|---|
| fixed length control field | 00769cam a2200289 i 4500 |
| 001 - CONTROL NUMBER | |
| control field | 283332 |
| 003 - CONTROL NUMBER IDENTIFIER | |
| control field | OSt |
| 005 - DATE AND TIME OF LATEST TRANSACTION | |
| control field | 20180116183026.0 |
| 008 - FIXED-LENGTH DATA ELEMENTS--GENERAL INFORMATION | |
| fixed length control field | 841213s1977 nyu 000 1 eng |
| 010 ## - LIBRARY OF CONGRESS CONTROL NUMBER | |
| LC control number | 76051781 |
| 020 ## - INTERNATIONAL STANDARD BOOK NUMBER | |
| International Standard Book Number | 0688031811 |
| 035 ## - SYSTEM CONTROL NUMBER | |
| System control number | (OCoLC)2644471 |
| 035 ## - SYSTEM CONTROL NUMBER | |
| System control number | (OCoLC)ocm02644471 |
| 035 ## - SYSTEM CONTROL NUMBER | |
| System control number | (CStRLIN)NYCG84-B88145 |
| 035 ## - SYSTEM CONTROL NUMBER | |
| System control number | (NNC)283332 |
| 040 ## - CATALOGING SOURCE | |
| Transcribing agency | 0 |
| 050 0# - LIBRARY OF CONGRESS CALL NUMBER | |
| Classification number | PZ4.D913 |
| Item number | Te |
| Classification number | PS3554.U465 |
| 082 ## - DEWEY DECIMAL CLASSIFICATION NUMBER | |
| Classification number | 813.54 DUN 1977 |
| 090 ## - LOCALLY ASSIGNED LC-TYPE CALL NUMBER (OCLC); LOCAL CALL NUMBER (RLIN) | |
| Classification number (OCLC) (R) ; Classification number, CALL (RLIN) (NR) | PS3554.U465 |
| Local cutter number (OCLC) ; Book number/undivided call number, CALL (RLIN) | T4 1977g |
| 100 1# - MAIN ENTRY--PERSONAL NAME | |
| Personal name | Duncan, Robert L. |
| Fuller form of name | (Robert Lipscomb), |
| Dates associated with a name | 1927-1999. |
| 245 10 - TITLE STATEMENT | |
| Title | Temple Dogs |
| Remainder of title | a novel / |
| Statement of responsibility, etc. | by Robert L. Duncan. |
| 260 ## - PUBLICATION, DISTRIBUTION, ETC. | |
| Place of publication, distribution, etc. | New York : |
| Name of publisher, distributor, etc. | Morrow, |
| Date of publication, distribution, etc. | 1977. |
| 300 ## - PHYSICAL DESCRIPTION | |
| Extent | 346 p. ; |
| Dimensions | 22 cm. |
| 440 ## - SERIES STATEMENT/ADDED ENTRY--TITLE | |
| Title | Temple Dogs |
| 942 ## - ADDED ENTRY ELEMENTS (KOHA) | |
| Source of classification or shelving scheme | |
| Koha item type | Book |
| Withdrawn status | Lost status | Source of classification or shelving scheme | Damaged status | Not for loan | Collection code | Permanent Location | Current Location | Shelving location | Date acquired | Total Checkouts | Full call number | Barcode | Date last seen | Date last checked out | Price effective from | Koha item type |
|---|---|---|---|---|---|---|---|---|---|---|---|---|---|---|---|---|
| Central Library (CL) | Central Library (CL) | Fiction | 12/08/2015 | 1 | 813.54 DUN 1977 | NBSD-2382 | 09/19/2017 | 06/15/2017 | 12/08/2015 | Book |
